000 00392nam a2200181Ia 4500
005 20240823011319.0
008 240823s9999||||xx |||||||||||||| ||und||
041 _aENGLISH
082 _A823
100 _aAnthony Trollope
245 4 _aThe Eustace Diamonds
250 _a1st
260 _b"Oxford,L"
500 _aYES
650 _aGeneral
_bGeneral
942 _cBK
999 _c161163
_d161163